000 00921na a2200265 4500
001 16448
003 MIRAKIL
005 20181213154932.0
008 161008b tu 000 0
040 _aMilas
_btur
_cTR-AnCHP
041 _atur
082 _a387.58065
_bV26y 2013
090 _a387.58065 V26y 2013
110 _aVapur Donatanları ve Acenteleri Derneği
245 _a111. yıl
_b1902'den günümüze Vapur Donatanları ve Acenteleri Derneği
246 _a1902 den günümüze Vapur Donatanları ve Acenteleri Derneği
260 _aİstanbul
_bVapur Donatanları ve Acenteleri Derneği
_c2013
300 _a256 s.
_bfotğ.
_c30 sm.
504 _aKaynakça var.
610 _aVapur Donatanları ve Acenteleri Derneği
_xTarih
650 _aDeniz ticareti
_xKuruluşlar
650 _aDeniz taşımacılığı
_xGemiler
_yDernekler
650 _aOkyanus taşımacılığı
_yTarih
942 _2dcc
_cBKS
999 _c3456
_d3456